| 000 | 00666nam a2200241 a 4500 | ||
|---|---|---|---|
| 001 | 0001-1161 | ||
| 003 | ELIB.Books | ||
| 008 | 150506 2010 eng | ||
| 020 | _a9780834127968 | ||
| 035 | _a(ELIB.Books)0001-1316 | ||
| 092 |
_a371.100 _bPar |
||
| 100 | _aParker, Dalene Vickery. | ||
| 245 |
_aChristian Teachers in Public Schools _b13 Essentials for the Classroom |
||
| 260 |
_bBeacon Hill Press _c2012 |
||
| 300 |
_a157 _c21.5 Cm |
||
| 500 | _aC/o Moe Lwei | ||
| 650 | _aReligion in the Public Schools | ||
| 856 |
_nKBTS: Library _uKBTS: Elib |
||
| 942 |
_2ddc _cBK |
||
| 990 | _a1 | ||
| 998 |
_cbat _e2015-05-06 |
||
| 999 |
_c11161 _d11161 |
||